|
|
|
|
| LEADER |
01140ncm a22003012a 4500 |
| 001 |
001101817 |
| 003 |
CZ BrMZK |
| 005 |
20220921125401.0 |
| 007 |
qu |
| 008 |
100616s1977 xr |||||||||||||||||cze d |
| 040 |
|
|
|a BOA001
|b cze
|
| 072 |
|
7 |
|a 784
|x Vokální hudba
|2 Konspekt
|9 9
|
| 100 |
1 |
|
|a Šťastný, Karel,
|d 1913-2002
|7 xx0030338
|4 cmp
|
| 245 |
1 |
0 |
|a Horská bystřina
|h [hudebnina] :
|c valčík / Karel Šťastný ; slova Fr. Kortán. Posvícení-posvíceníčko : polka / J. Marek ; slova M. Procházka ; upravil Jiří Novotný
|
| 250 |
|
|
|a 1. vyd.
|
| 260 |
|
|
|a Praha :
|b Supraphon,
|c 1977
|
| 300 |
|
|
|a 5 hlasů
|
| 490 |
1 |
|
|a Malý zábavní soubor ;
|v 110
|
| 700 |
1 |
|
|a Kortán, František
|7 mzk2014820832
|4 lyr
|
| 700 |
1 |
|
|a Šesták, Jaroslav,
|d 1917-2003
|7 mzk2002113565
|4 cmp
|
| 700 |
1 |
|
|a Novotný, Jiří
|4 arr
|
| 700 |
1 |
|
|a Procházka, Miloslav R.,
|d 1958-
|7 jn20000810064
|4 lyr
|
| 740 |
0 |
2 |
|a Posvícení-posvíceníčko
|
| 830 |
|
0 |
|a Malý zábavní soubor
|
| 910 |
|
|
|a BOA001
|b Mus3-0782.416
|
| 990 |
|
|
|a MU
|
| 991 |
|
|
|b 201006
|
| 996 |
6 |
|
|b 2619457804
|c Mus3-0782.416
|l MZK
|r Sklad / do 1 hodiny
|n 0
|w 001128532
|u 000010
|a 1
|e BOA001
|j MZK50
|s P
|